Ariana Grande - Chansons de l'album My Everything - Statistiques

Statistiques générales
  • Ce quiz a été pris 143 fois
  • Le résultat moyen est 11 sur 16
Statistiques - réponses
Hint Réponse % Correct
My Everything 11 My Everything
88%
My Everything 4 Break Free
86%
My Everything 2 One Last Time
86%
My Everything 1 Problem
84%
My Everything Deluxe 12 Bang Bang
77%
My Everything 8 Love Me Harder
77%
My Everything 10 Hands on Me
72%
My Everything 9 Just a Little Bit of Your Heart
65%
My Everything 6 Be My Baby
64%
My Everything Deluxe 13 Only 1
64%
My Everything 3 Why Try
64%
My Everything 5 Best Mistake
62%
My Everything Deluxe 14 You Don't Know Me
59%
My Everything 7 Break Your Heart Right Back
57%
My Everything Deluxe 15 Cadillac Song
49%
My Everything Deluxe 16 Too Close
45%
Aucun quiz correspondant
Distribution des résultats
% des personnes avec chaque résultat
Percentile par nombre de réponses
Votre historique - résultats
Vous n’avez pas pris ce quiz